(A)symetria v Okunovom zákone v štátoch Vyšehradskej skupiny

Analýza vzťahu medzi cyklickým vývojom výstupu a nezamestnanosti ekonomík štyroch štátov V4 za obdobie sedemnástich rokov od roku 1998 do 2014 s cieľom posúdiť platnosť Okunovho zákona.

Gespeichert in:
Bibliographische Detailangaben
1. Verfasser: Boďa, Martin
Weitere Verfasser: Medveďová, Petra, Považanová, Mariana
Format: Buchkapitel
Sprache:Slowakisch
Schlagworte:
Tags: Tag hinzufügen
Keine Tags, Fügen Sie das erste Tag hinzu!

MARC

LEADER 00000naa a2200000 4500
001 0209817
005 20231207125914.5
041 0 |a slo 
044 |a CZ 
245 1 0 |a (A)symetria v Okunovom zákone v štátoch Vyšehradskej skupiny  |c Martin Boďa, Petra Medveďová, Mariana Považanová 
520 |a Analýza vzťahu medzi cyklickým vývojom výstupu a nezamestnanosti ekonomík štyroch štátov V4 za obdobie sedemnástich rokov od roku 1998 do 2014 s cieľom posúdiť platnosť Okunovho zákona. 
610 2 0 |a Vyšehradská štvorka 
610 2 0 |a makroekonomika 
610 2 0 |a teórie ekonomické 
610 2 0 |a Phillipsova krivka 
610 2 0 |a cykly hospodárske 
610 2 0 |a trh práce 
100 1 |a Boďa, Martin 
700 1 |a Medveďová, Petra 
700 1 |a Považanová, Mariana